Famous Minecraft YouTubers - Statistics

General Stats
  • This quiz has been taken 98 times
  • The average score is 6 of 13
Answer Stats
Hint Answer % Correct
"Come here, George!" Dream
91%
Colorblind, white glasses. GeorgeNotFound
70%
Last to leave the circle. MrBeast
66%
Blue diamond boy. Skeppy
65%
MUFFIN BadBoyHalo
63%
Redstone lover. Hermitcraft SMP. MumboJumbo
56%
Great at building. Was on the hermitcraft SMP Grian
54%
White jacket, headband. Sapnap
45%
Biggest independent YouTuber PewDiePie
41%
Plays Bed Wars. Bear. Wallibear
24%
Created YouTube's most famous life steal SMP Parrot
23%
100 day survival. Also beans. SmallishBeans
20%
Trapped in a Minecraft prison. Preston Playz
10%
No matching quizzes found
Score Distribution
Percent of People with Each Score
Percentile by Number Answered
Your Score History
You have not taken this quiz